1298 1030 1285 1985 1568 1078 1553 1004 1362 1156 1097 1639 1448 1280 1504 1446 1230 1083 1691 1764 1210 1171 1873 1561 1287 1338 1740 1621 1667 1428 1576 1972 1351 1322 1123 1300 1928 1095 1647 1034 1372 1320 1350 1299 1843 1187 1602 1224 1214 1996 1632 1670 1768 1359 1421 1349 1766 1906 1611 1133 1932 1871 1479 1487 1642 1029 1778 1834 1464 1961 1586 1678 1980 1469 1788 1043 1922 1253 1009 1092 1221 1925 1821 1545 1951 1169 1815 1889 1430 1384 1959 1939 1342 1280 1932 1002 1494 1152 1686 BCNSPRNW ULIB Ver.6.0+V

เปลี่ยนเป็นภาษาไทย

Change to English
 แสดงรายละเอียดบรรณานุกรม
  กลับหน้าหลัก

Brief Record : Get Marc (ISO 2709) : E-mail record : QR code < ปิดหน้าต่าง
LEADER : 00000nam 2200000uu 4500
001    13399120797
003     ULIB
008    020711s2548 th a 000 0 tha d
020    9749633245
050  4 BQ^อ873ว
100    เอกชัย จุละจาริตต์
245    วิธีบริหารความคิดให้ คิดดี ทำดี /^cเอกชัย จุละจาริตต์
250    พิมพ์ครั้งที่ 4
260    กรุงเทพฯ ^bเฟื่องฟ้าปริ้นติ้ง.,^c2548
300    136 หน้า
650    ความดี
650    จริยะธรรม
945    ^p20^l0^i13686
999    ^aทศพร เกษรทอง
รายการนี้ยังไม่มีแท็ก
คุณยังไม่ได้ล็อกอิน คุณสามารถมีกิจกรรมร่วมกับเว็บไซต์ได้ แต่ต้องล็อกอินก่อน ::
  ล็อกอิน

รายการสื่อสารสนเทศ

ลำดับที่ ประเภท เลขเรียก/บาร์โค้ด สถานที่ สถานะ
1. วิทยาศาสตร์การแพทย์ และสุขภาพ
วิทยาศาสตร์การแพทย์ และสุขภาพ
BQ^อ873ว ฉ.1 
  Barcode: 13686
ห้องสมุดวิทยาเขตสวรรค์ประชารักษ์
►หนังสือทั่วไป
บนชั้น

รายการใกล้เคียง
    ผู้แต่ง [เอกชัย จุละจาริตต์]

    หัวเรื่อง [ความดี]

BibComment


ยังไม่เคยถูกคอมเมนท์

คอมเมนท์ทรัพยากรรายการนี้
  คอมเมนท์: วิธีบริหารความคิด..


 Copyright 2026. Bcnsprnw @Library